banner koha

Ocorrência de Thekopsora minima causando ferrugem em pomares de mirtilo em Santa Catarina (Registro n. 333965)

MARC details
000 -LÍDER
fixed length control field 02683nab a2200349 i 4500
003 - CÓDIGO MARC DA AGÊNCIA CATALOGADORA
Campo de controle BR-BrBNA
005 - DATA E HORA DA ÚLTIMA ATUALIZAÇÃO
Campo de controle 20250718095955.0
008 - CAMPO DE TAMANHO FIXO
fixed length control field 250718b2022 bl.tr|pooa||| 00| 0 por |
040 ## - FONTE DA CATALOGAÇÃO
Agência catalogadora BR-BrBNA
Idioma da catalogação por
072 ## - CATEGORIA AGRIS
Código AGRIS H20
Código do objeto 0920
072 ## - CATEGORIA AGRIS
Código AGRIS H01
Código do objeto 4120
100 ## - ENTRADA PRINCIPAL - NOME PESSOAL
Nome pessoal Araujo, Leonardo
100 ## - ENTRADA PRINCIPAL - NOME PESSOAL
Nome pessoal Pinto, Felipe Augusto Moretti Ferreira
100 ## - ENTRADA PRINCIPAL - NOME PESSOAL
Nome pessoal Andrade, Camila Cristina Lage de
100 ## - ENTRADA PRINCIPAL - NOME PESSOAL
Nome pessoal Gomes, Larissa Bitencourt
100 ## - ENTRADA PRINCIPAL - NOME PESSOAL
Nome pessoal Falkenbach, Bianca Ramos
100 ## - ENTRADA PRINCIPAL - NOME PESSOAL
Nome pessoal Duarte, Valmir
245 ## - TÍTULO PRINCIPAL
Título principal Ocorrência de Thekopsora minima causando ferrugem em pomares de mirtilo em Santa Catarina
500 ## - NOTA GERAL
Nota geral <br/><br/>Publicação online; 10 ref.; 2 illus.; Summaries (En, Pt)
942 ## - ADDED ENTRY ELEMENTS (KOHA)
Koha item type Analítica
520 ## - NOTA DE RESUMO
Nota de conteúdo <br/><br/><br/>Resumo – A possível ocorrência de Thekopsora minima causando ferrugem em mirtilileiro foi observada em três pomares em Santa Catarina. Observações morfológicas e moleculares, bem como teste de patogenicidade, foram consistentes em mostrar que T. minima é o agente causal da ferrugem nos pomares de mirtilo. Diante da confirmação de T. minima no mirtileiro, fruticultores terão um grande desafio para manejar a ferrugem nos pomares catarinenses devido às condições ambientais adequadas à doença e a predominância de cultivares suscetíveis ao patógeno. <br/><br/><br/><br/>Termos para indexação: Vaccinium sp.; Controle químico; Doenças mirtileiro; Highbush; Rabbiteye
520 ## - NOTA DE RESUMO
Nota de conteúdo <br/><br/><br/>Abstract – The possible occurrence of Thekopsora minima causing rust on blueberry plants was observed in three orchards in Santa Catarina. Morphological and molecular observations, as well as pathogenicity tests were consistent in showing that T. minima is the causal agent of rust in blueberry orchards. In view of the confirmation of T. minima in the blueberry, fruit growers will have a great challenge to manage the rust in Santa Catarina orchards, due to the appropriate environmental conditions for the disease and the predominance of cultivars susceptible to the pathogen. <br/><br/><br/><br/>Index terms: Vaccinium sp., Chemical control; Blueberry diseases; Highbush; Rabbiteye
650 ## - ASSUNTO - THESAGRO
Cabeçalho tópico ou nome geográfico MIRTILO
650 ## - ASSUNTO - THESAGRO
Cabeçalho tópico ou nome geográfico DOENÇA FÚNGICA
650 ## - ASSUNTO - THESAGRO
Cabeçalho tópico ou nome geográfico FERRUGEM
650 ## - ASSUNTO - THESAGRO
Cabeçalho tópico ou nome geográfico LEVANTAMENTO FITOSSANITÁRIO
650 ## - ASSUNTO - THESAGRO
Cabeçalho tópico ou nome geográfico CONTROLE QUÍMICO
650 ## - ASSUNTO - THESAGRO
Cabeçalho tópico ou nome geográfico DEFESA VEGETAL
773 0# - ENTRADA ANALÍTICA
Host Biblionumber 1813
Registro do item 317206
Imprenta Florianópolis-SC Empresa de Pesquisa Agropecuária e Extensão Rural de Santa Catarina 1988-
Outro identificador 2024-3830
Título Agropecuária Catarinense (Brazil)
ISSN 0103-0779
Colação v. 35(1) p. 32-35; (2022)
Número de controle de registro BR2025002864
856 ## - ACESSO E ENDEREÇO ELETRÔNICO
Identificador uniforme de recurso - URI https://publicacoes.epagri.sc.gov.br/rac/article/view/1168/1294

Nenhum exemplar disponível.

BINAGRI

Telefone: (61)3218-2567/2388/3357/2097 - binagri@agro.gov.br

Ministério da Agricultura e Pecuária , Esplanada dos Ministérios, Bloco D, Anexo B, Brasília/DF, CEP: 70.043-900